00507nam a2200181 a 4500001001300000003000900013005001700022008004100039020001100080082001500091100001700106245008100123260004400204300000900248500003500257505001000292650002300302nice12345678IN_TiNIC20260116013550.0050524s1988 utaa grp 000 0 eng  ac12.500a297.1bTIB aTibi, Bassam aCrisis of Modern Islamb a Preindustrial Culture in the Scientific-Technolog aUtah-UkbUniversity of Utah Pressc1988 a186p aincludes index and biblioraphy2 aIndex aIslam-20th Century